Antenna Engineering Radio Wave Propagation & Noise3rd (Record no. 28779)

MARC details
000 -LEADER
fixed length control field 00386nam a22001577a 4500
003 - CONTROL NUMBER IDENTIFIER
control field OSt
005 - DATE AND TIME OF LATEST TRANSACTION
control field 20220201151811.0
008 - FIXED-LENGTH DATA ELEMENTS--GENERAL INFORMATION
fixed length control field 220201b |||||||| |||| 00| 0 eng d
040 ## - CATALOGING SOURCE
Transcribing agency H.U
082 ## - DEWEY DECIMAL CLASSIFICATION NUMBER
Classification number 621.384135
100 ## - MAIN ENTRY--PERSONAL NAME
Personal name Bandhopadhyay
9 (RLIN) 29347
245 ## - TITLE STATEMENT
Title Antenna Engineering Radio Wave Propagation & Noise3rd
250 ## - EDITION STATEMENT
Edition statement 3rd
260 ## - PUBLICATION, DISTRIBUTION, ETC.
Name of publisher, distributor, etc. Khanna
Date of publication, distribution, etc. 1987
942 ## - ADDED ENTRY ELEMENTS (KOHA)
Source of classification or shelving scheme Dewey Decimal Classification
Koha item type Books like text book referance book
Suppress in OPAC No
Holdings
Withdrawn status Lost status Source of classification or shelving scheme Damaged status Not for loan Home library Current library Shelving location Date acquired Total Checkouts Full call number Barcode Date last seen Copy number Price effective from Koha item type
    Dewey Decimal Classification     IoT Library IoT Library General Stacks 02/01/2022   621.384135/BAN/1987 IOTL0009532 02/01/2022 1 02/01/2022 Books like text book referance book
    Dewey Decimal Classification     IoT Library IoT Library General Stacks 02/01/2022   621.384135/BAN/1987 IOTL0009533 02/01/2022 2 02/01/2022 Books like text book referance book
    Dewey Decimal Classification     IoT Library IoT Library General Stacks 02/01/2022   621.384135/BAN/1987 IOTL0009534 02/01/2022 3 02/01/2022 Books like text book referance book
    Dewey Decimal Classification     IoT Library IoT Library General Stacks 02/01/2022   621.384135/BAN/1987 IOTL0009535 02/01/2022 4 02/01/2022 Books like text book referance book
    Dewey Decimal Classification     IoT Library IoT Library General Stacks 02/01/2022   621.384135/BAN/1987 IOTL0009536 02/01/2022 5 02/01/2022 Books like text book referance book
    Dewey Decimal Classification     IoT Library IoT Library General Stacks 02/01/2022   621.384135/BAN/1987 IOTL0009537 02/01/2022 6 02/01/2022 Books like text book referance book
    Dewey Decimal Classification     IoT Library IoT Library General Stacks 02/01/2022   621.384135/BAN/1987 IOTL0009538 02/01/2022 7 02/01/2022 Books like text book referance book
    Dewey Decimal Classification     IoT Library IoT Library General Stacks 02/01/2022   621.384135/BAN/1987 IOTL0009539 02/01/2022 8 02/01/2022 Books like text book referance book
    Dewey Decimal Classification     IoT Library IoT Library General Stacks 02/01/2022   621.384135/BAN/1987 IOTL0009540 02/01/2022 9 02/01/2022 Books like text book referance book
    Dewey Decimal Classification     IoT Library IoT Library General Stacks 02/01/2022   621.384135/BAN/1987 IOTL0009541 02/01/2022 10 02/01/2022 Books like text book referance book